00705nam a2200217 i 450000100060000000300090000600500170001500700030003200800410003502000180007608000190009410000330011324501150014625000150026126000370027630000220031349000360033565100500037183000330042185200330045410103ES-MaACL20250829045055.0t|950209s1994 sp ||||1| spa d a84-7880-445-5 a32(46)"1978- "1 aGarcía-Trevijano, Antonio.13aEl Discurso de la República o del hecho nacional a la conciencia de España / cAntonio García Trevijano. a[1ª ed.]. aMadrid : bTemas de Hoy, c1994. a300 p. ; c22 cm.1 aGrandes temas. Serie La tribuna 4aEspaña-xPolítica y gobierno-y1975-1982.00aGrandes temas (Temas de Hoy) aES-MaACLjL-17577 bR.123516